| 000 | nam a22 a 4500 | ||
|---|---|---|---|
| 999 |
_c2068 _d2068 |
||
| 003 | AKMAL | ||
| 005 | 20170515105354.0 | ||
| 008 | 17051 s2000 my a g|b o000 0 may d | ||
| 020 |
_a9679933784 (kkt.) : _cRM25.00 |
||
| 040 | _aAKMAL | ||
| 082 | 0 | 4 |
_a354.595 LEE _222 |
| 090 | 0 | 0 |
_a354.595 _bLEE |
| 100 | 1 |
_aLee, Kiyau Loo _94261 |
|
| 245 | 1 | 0 |
_aPengurusan projek sektor awam : _bdari perspektif praktikal / _cLee Kiyau Loo |
| 260 |
_aKuala Lumpur : _bInstitut Tadbiran Awam Negara, _c2000 |
||
| 300 |
_axiv, 146ms. : _bil. ; _c21cm. |
||
| 500 | _aMengandungi indeks | ||
| 504 | _aBibliografi: ms. 133-135 | ||
| 650 | 1 | 0 |
_aPublic administration _zMalaysia _9419 |
| 650 | 2 | 0 |
_aProject management _zMalaysia _94262 |
| 942 |
_2ddc _cBOOK |
||